000 00398nam a22001097a 4500
008 230626b xxu||||| |||| 00| 0 eng d
082 _a328.3
_bMAL 2000
245 _aMeeting of the Society ofClerks-at-the-Table in Commonwealth Parliaments Edinburgh(United Kingdom)
_bPrivileges and the Conduct of Members
260 _aNew Delhi
_bSecretary-General Lok Sabha
_c2000
300 _a24p
942 _2ddc
_cBK
999 _c2627
_d2627